| Tag |
First Indicator |
Second Indicator |
Subfields |
| LEADER |
00000cam a22000001a 4500 |
| 001 |
in00002139913 |
| 006 |
m e d # |
| 007 |
cr mn mmmmabba |
| 008 |
860213s1777 pau s 000 0 eng d |
| 005 |
20260331144717.2 |
| 035 |
|
|
|z w005972
|
| 035 |
|
|
|a MAAR8602131002B
|
| 035 |
|
|
|9 mwa91-4882
|
| 035 |
|
|
|a 326629
|
| 035 |
|
|
|a aas03005972
|
| 040 |
|
|
|a MWA
|c MWA
|e bdrb
|d UtOrBLW
|
| 110 |
2 |
|
|a Philadelphia Yearly Meeting of the Religious Society of Friends.
|
| 245 |
1 |
2 |
|a A testimony given forth from our Yearly-Meeting, held at Philadelphia, for Pennsylvania and New-Jersey :
|b by adjournments, from the 29th day of the ninth month to the 4th of the tenth month inclusive, 1777.
|
| 264 |
|
1 |
|a [Philadelphia] :
|b [publisher not identified],
|c [1777]
|
| 300 |
|
|
|a 1 sheet (1 unnumbered page)
|
| 336 |
|
|
|a text
|b txt
|2 rdacontent
|
| 337 |
|
|
|a computer
|b c
|2 rdamedia
|
| 338 |
|
|
|a online resource
|b cr
|2 rdacarrier
|
| 500 |
|
|
|a "Signed by order and in behalf of the Yearly-Meeting, by Isaac Jackson, clerk."
|
| 510 |
4 |
|
|a Evans
|c 15302
|
| 510 |
4 |
|
|a Hildeburn, C.R. Pennsylvania,
|c 3638
|
| 530 |
|
|
|a Microform version available in the Readex Early American Imprints series.
|
| 533 |
|
|
|a Electronic text and image data.
|b [Chester, Vt. :
|c Readex, a division of Newsbank, Inc.,
|d 2002-2004.
|e Includes files in TIFF, GIF and PDF formats with inclusion of keyword searchable text.
|f (Early American imprints. First series ; no. 15302).
|
| 500 |
|
|
|a Electronic resource.
|
| 650 |
|
0 |
|a Quakers.
|
| 650 |
|
0 |
|a Pacifism.
|
| 651 |
|
0 |
|a United States
|x History
|y Revolution, 1775-1783
|x Conscientious objectors.
|
| 655 |
|
7 |
|a Broadsides.
|2 rbgenr
|
| 752 |
|
|
|a United States
|b Pennsylvania
|d Philadelphia.
|
| 830 |
|
0 |
|a Early American imprints.
|n Series I,
|p Evans (1639-1800) ;
|v no. 15302.
|
| 856 |
4 |
1 |
|u http://proxy.library.tamu.edu/login?url=https://opac.newsbank.com/select/evans/15302
|y Evans Digital Edition
|t 0
|
| 999 |
|
|
|a MARS
|
| 999 |
f |
f |
|s efbb3962-d52e-3d85-b9b9-5478209cd96e
|i 6b4e8cfd-ffc0-3738-a5ec-77547e01186f
|t 0
|
| 952 |
f |
f |
|a Texas A&M University
|b College Station
|c Electronic Resources
|s www_evans
|d Available Online
|t 0
|h No information provided
|
| 998 |
f |
f |
|t 0
|l Available Online
|